| 000 | 00983nam a2200229 i 4500 | ||
|---|---|---|---|
| 001 | 151684 | ||
| 003 | ES-MaACL | ||
| 005 | 20251005063118.0 | ||
| 008 | 990917s1872 sp |||| | spa d | ||
| 040 |
_aCCPB | B _bspa _cCCPB | B |
||
| 080 | _a821.134.2-14"16" | ||
| 100 | 1 |
_aRioja, Francisco de, _d1583-1659 _9151799 |
|
| 245 | 1 | 0 |
_aAdiciones á las poesías de D. Francisco de Rioja, en su edicion de Madrid, año 1867 / _cpor el ilustrador de ella, Cayetano Alberto de la Barrera y Leirado. |
| 260 |
_aSevilla : _bImprenta y Librería Española y Extrangera de D. Rafael Tarascó y Lassa, _c1872. |
||
| 300 |
_aXVI, 55, [12] p. ; _c23 cm. |
||
| 490 | 1 | _aSociedad de Bibliófilos Andaluces. Primera serie | |
| 500 | 1 | _aTirada de 300 ejemplares. | |
| 700 | 0 |
_aBarrera y Leirado, Cayetano Alberto de la. _925934 |
|
| 830 | 0 |
_aSociedad de Bibliófilos Andaluces. Primera serie _9182018 |
|
| 852 |
_aES-MaACL _jB-5542(2) _z-- Enc. hol. |
||
| 999 |
_c151684 _d151684 |
||